Fundamental principles of bacteriology (Record no. 350466)

MARC details
000 -LEADER
fixed length control field 003450000a22001450004500
060 ## - NATIONAL LIBRARY OF MEDICINE CALL NUMBER
Classification number 100
082 ## - DEWEY DECIMAL CLASSIFICATION NUMBER
Classification number 589.9 SAL
100 ## - MAIN ENTRY--PERSONAL NAME
Personal name Salle, A J
245 ## - TITLE STATEMENT
Title Fundamental principles of bacteriology
260 ## - PUBLICATION, DISTRIBUTION, ETC. (IMPRINT)
Place of publication, distribution, etc. Bombay, Tata mc graw - hill publishing company limited
260 ## - PUBLICATION, DISTRIBUTION, ETC. (IMPRINT)
Date of publication, distribution, etc. 1967
300 ## - PHYSICAL DESCRIPTION
Extent 822
650 ## - SUBJECT ADDED ENTRY--TOPICAL TERM
Topical term or geographic name as entry element Bacteriology
942 ## - ADDED ENTRY ELEMENTS (KOHA)
Koha item type Books (General)
Holdings
Withdrawn status Lost status Damaged status Not for loan Home library Current library Date acquired Total Checkouts Full call number Barcode Date last seen Price effective from Koha item type
        College of Agriculture, Vellayani College of Agriculture, Vellayani 02/05/2014   589.9 SAL KAU_COAV-11517 02/05/2014 02/05/2014 Books (General)
Kerala Agricultural University Central Library
Thrissur-(Dt.), Kerala Pin:- 680656, India
Ph : (+91)(487) 2372219
E-mail: librarian@kau.in
Website: http://library.kau.in/